000 00391nam a2200133 a 4500
001 000030686
005 20200930062442.0
008 110526s1979 dr a 000 0 spa d
040 _aDO-SdBNP
_bspa
_cBNPHU
245 0 0 _aGuia agropecuaria.
260 _aSanto Domingo :
_bSecretaría de Estado de Agricultura,
_c1979.
_fEditora Alga y Omega
300 _a205 p. :
_bil ;
_c28 cm.
049 _aBNPD
999 _c30178
_d30178